[Event "Mondiale Semilampo FIDE 2024"]
[Site "New York"]
[Date "26.12.2024"]
[Round "2.83"]
[White "Lou, Yiping"]
[Black "Manon, Reja Neer"]
[Result "1-0"]
[WhiteTitle "IM"]
[BlackTitle "IM"]
[WhiteElo "2459"]
[BlackElo "2429"]
[WhiteFideId "8603928"]
[BlackFideId "10224009"]
[EventDate "26.12.2024"]

1. e4 c5 2. Nf3 e6 3. d4 cxd4 4. Nxd4 Nc6 5. Nc3 Nf6 6. a3 Qc7 7. Be3 a6 8. f4
Nxd4 9. Qxd4 Ng4 10. Bd2 Qc5 11. Qxc5 Bxc5 12. Nd1 b5 13. Bb4 Bxb4+ 14. axb4 Bb7
15. Bd3 Ke7 16. Ke2 d6 17. b3 Nf6 18. Nf2 d5 19. e5 Nd7 20. Rhc1 Rac8 21. g3 Nb6
22. Ke3 f6 23. Be2 fxe5 24. fxe5 Rhf8 25. Nd3 Nd7 26. Bg4 Rc7 27. c3 g6 28. Ra2
Bc8 29. Rf2 Rxf2 30. Kxf2 Nb8 31. Ke3 Nc6 32. h4 a5 33. h5 axb4 34. cxb4 g5 35.
Be2 Bd7 36. Ra1 Bc8 37. Ra8 Na7 38. Nf2 Nc6 39. Ng4 d4+ 40. Ke4 Nxb4 41. Kxd4
Nc6+ 42. Ke3 b4 43. h6 Kd8 44. Bd3 Na7 45. Ba6 Kd7 46. Nf6+ Kc6 47. Rxa7 Rxa7
48. Bxc8 Re7 49. Ba6 Kc5 50. Bd3 1-0

[Event "Mondiale Semilampo FIDE 2024"]
[Site "New York"]
[Date "26.12.2024"]
[Round "2.84"]
[White "Gagunashvili, Merab"]
[Black "Soo, Kai Jie"]
[Result "1-0"]
[WhiteTitle "GM"]
[BlackTitle "FM"]
[WhiteElo "2541"]
[BlackElo "2153"]
[WhiteFideId "13601652"]
[BlackFideId "5803454"]
[EventDate "26.12.2024"]

1. d4 Nf6 2. c4 e6 3. Nc3 Bb4 4. Qc2 d5 5. cxd5 Qxd5 6. Nf3 Qf5 7. Qxf5 exf5 8.
a3 Be7 9. Bf4 c6 10. e3 Be6 11. Bd3 Nbd7 12. O-O Nb6 13. h3 Nfd5 14. Bh2 O-O 15.
Rfc1 Rfd8 16. Nxd5 Nxd5 17. b4 a6 18. Ne5 Bd6 19. Nc4 Bxh2+ 20. Kxh2 Kf8 21. Na5
Rd7 22. g3 g6 23. Rab1 Nf6 24. a4 Bd5 25. Nc4 Bxc4 26. Rxc4 Rd5 27. Rc5 Rad8 28.
Kg2 Ne4 29. Rc2 Nd6 30. Kf3 Ke7 31. Rc5 Nc8 32. Bc4 Rxc5 33. bxc5 Rd7 34. g4 Kf6
35. gxf5 Kxf5 36. e4+ Kf6 37. d5 Ne7 38. d6 Ng8 39. Ke3 g5 40. f4 gxf4+ 41. Kxf4
Kg7 42. e5 Kf8 43. e6 fxe6 44. Bxe6 Rg7 45. d7 Ke7 46. Rxb7 Nf6 47. Kf5 Nh5 48.
Rb8 Ng3+ 49. Ke5 1-0

[Event "Mondiale Semilampo FIDE 2024"]
[Site "New York"]
[Date "26.12.2024"]
[Round "2.85"]
[White "Wanyama, Harold"]
[Black "Zarnicki, Pablo"]
[Result "0-1"]
[WhiteTitle "FM"]
[BlackTitle "GM"]
[WhiteElo "2154"]
[BlackElo "2514"]
[WhiteFideId "10000380"]
[BlackFideId "100137"]
[EventDate "26.12.2024"]

1. d4 Nf6 2. c4 g6 3. Nc3 Bg7 4. e4 d6 5. h3 e5 6. Nge2 exd4 7. Nxd4 O-O 8. Be3
Re8 9. Qc2 Qe7 10. f3 c6 11. g4 Na6 12. O-O-O Nb4 13. Qb3 a5 14. a3 Na6 15. Bf4
Nd7 16. h4 Nac5 17. Qc2 a4 18. Kb1 Ne5 19. Be2 Be6 20. Nxe6 Qxe6 21. h5 Nb3 22.
Nxa4 Rxa4 23. Qxb3 b5 24. hxg6 hxg6 25. Qc2 Qf6 26. Bc1 Nxc4 27. Bxc4 Rxc4 28.
Qh2 Qxf3 29. Rxd6 Qxe4+ 30. Ka2 Rc2 31. Qh7+ Kf8 32. Rd7 Qe6+ 0-1

[Event "Mondiale Semilampo FIDE 2024"]
[Site "New York"]
[Date "26.12.2024"]
[Round "2.86"]
[White "Pereira, Fabian"]
[Black "Madaminov, Mukhiddin"]
[Result "0-1"]
[WhiteTitle "CM"]
[BlackTitle "GM"]
[WhiteElo "2123"]
[BlackElo "2501"]
[WhiteFideId "3701263"]
[BlackFideId "14210703"]
[EventDate "26.12.2024"]

1. e4 c5 2. Nf3 d6 3. d4 cxd4 4. Nxd4 Nf6 5. Nc3 a6 6. Bg5 e6 7. f4 h6 8. Bh4
Nbd7 9. Qf3 Qc7 10. O-O-O Be7 11. g4 b5 12. Bxf6 Nxf6 13. g5 hxg5 14. fxg5 Nd7
15. g6 Ne5 16. gxf7+ Kf8 17. Qg2 Bf6 18. Kb1 Bd7 19. Bd3 Rc8 20. Rhf1 Nxd3 21.
Rxd3 b4 22. Nd1 d5 23. h3 e5 24. Nb3 dxe4 25. Rxd7 Qxd7 26. Qxe4 Rh4 27. Qe2 Qb5
28. Qxb5 axb5 29. Ne3 Rxh3 30. Ng4 Rc4 31. Rg1 Kxf7 32. a3 bxa3 33. bxa3 Ra4 34.
Nc5 Raxa3 35. Ne4 Ke6 0-1

[Event "Mondiale Semilampo FIDE 2024"]
[Site "New York"]
[Date "26.12.2024"]
[Round "2.87"]
[White "Meylan, Andre"]
[Black "Wagner, Dennis"]
[Result "0-1"]
[WhiteTitle "CM"]
[BlackTitle "GM"]
[WhiteElo "2138"]
[BlackElo "2616"]
[WhiteFideId "1301225"]
[BlackFideId "24650684"]
[EventDate "26.12.2024"]

1. e4 e5 2. Nf3 Nc6 3. Nc3 Nf6 4. d4 exd4 5. Nd5 Nb4 6. Bc4 Nbxd5 7. exd5 Bb4+
8. Bd2 Qe7+ 9. Qe2 Bxd2+ 10. Kxd2 Qxe2+ 11. Kxe2 d6 12. Nxd4 a6 13. a4 Bd7 14.
f3 O-O-O 15. Kf2 Rhe8 16. Bb3 Re5 17. c4 a5 18. Rhe1 Rde8 19. Bc2 g6 20. b3 Kb8
21. Bd3 Ka7 22. Re2 Kb6 23. Rae1 Kc5 24. Nc2 h5 25. Rxe5 Rxe5 26. Rxe5 dxe5 27.
Ke3 h4 28. g3 Nh5 29. gxh4 Nf4 30. Bf1 Bf5 31. Kd2 Bxc2 32. Kxc2 Kd4 33. Kd2 b6
34. c5 bxc5 35. Bb5 f5 36. Bc6 e4 37. fxe4 fxe4 38. Be8 e3+ 39. Kd1 c4 40. bxc4
Kd3 41. Bxg6+ Nxg6 42. c5 e2+ 0-1

[Event "Mondiale Semilampo FIDE 2024"]
[Site "New York"]
[Date "26.12.2024"]
[Round "2.88"]
[White "Ghosh, Diptayan"]
[Black "Esquivel Golcher, Luis Enrique"]
[Result "1-0"]
[WhiteTitle "GM"]
[BlackTitle "FM"]
[WhiteElo "2569"]
[BlackElo "2081"]
[WhiteFideId "5045207"]
[BlackFideId "6600174"]
[EventDate "26.12.2024"]

1. Nf3 Nf6 2. g3 g6 3. Bg2 Bg7 4. d4 d6 5. O-O O-O 6. Nc3 c6 7. a4 Na6 8. h3 Nc7
9. e4 Re8 10. Re1 Nd7 11. e5 dxe5 12. dxe5 Nb6 13. Qe2 Be6 14. a5 Nbd5 15. Ne4
Qc8 16. Kh2 h6 17. Bd2 Na6 18. c3 Qc7 19. b4 Bxe5 20. Nxe5 Qxe5 21. Bxh6 Nxc3
22. Nxc3 Qxc3 23. Rac1 Qh8 24. Bd2 Nc7 25. a6 bxa6 26. Rxc6 Rac8 27. Rec1 Nd5
28. Rxe6 Rxc1 1-0

[Event "Mondiale Semilampo FIDE 2024"]
[Site "New York"]
[Date "26.12.2024"]
[Round "2.89"]
[White "Wong, Hayoung"]
[Black "Bilych, Oleksii"]
[Result "0-1"]
[BlackTitle "IM"]
[WhiteElo "1704"]
[BlackElo "2435"]
[WhiteFideId "13205145"]
[BlackFideId "14156504"]
[EventDate "26.12.2024"]

1. d4 d5 2. Nf3 Nf6 3. c4 e6 4. Nc3 c6 5. Bg5 h6 6. Bxf6 Qxf6 7. e3 Nd7 8. Bd3
Bb4 9. Qc2 O-O 10. O-O Bxc3 11. Qxc3 dxc4 12. Bxc4 b6 13. a4 Bb7 14. Rfd1 Rac8
15. Ne5 Rfd8 16. Nxd7 Rxd7 17. Qb3 c5 18. dxc5 Rdc7 19. a5 Rxc5 20. Bd3 Rg5 0-1

[Event "Mondiale Semilampo FIDE 2024"]
[Site "New York"]
[Date "26.12.2024"]
[Round "2.90"]
[White "Tsaruk, Maksim"]
[Black "Ahmed, Nidal"]
[Result "1-0"]
[WhiteTitle "IM"]
[WhiteElo "2424"]
[BlackElo "1796"]
[WhiteFideId "13511173"]
[BlackFideId "11504048"]
[EventDate "26.12.2024"]

1. e4 e5 2. Nf3 Nf6 3. Nxe5 d6 4. Nf3 Nxe4 5. d4 d5 6. Bd3 Nd7 7. O-O Be7 8. c4
c6 9. Nc3 Nxc3 10. bxc3 O-O 11. Re1 Nf6 12. Ne5 Be6 13. Rb1 Rb8 14. Bf4 Bd6 15.
c5 Bc7 16. Qc2 g6 17. Bg5 Kg7 18. Qd2 Re8 19. Re3 h6 20. Bxh6+ Kg8 21. Bg5 Bc8
22. Rf3 Re6 23. Qf4 Kg7 24. Qh4 a6 25. Qh6+ Kg8 26. Rh3 1-0

[Event "Mondiale Semilampo FIDE 2024"]
[Site "New York"]
[Date "26.12.2024"]
[Round "3.1"]
[White "Dudin, Gleb"]
[Black "Carlsen, Magnus"]
[Result "1/2-1/2"]
[WhiteTitle "GM"]
[BlackTitle "GM"]
[WhiteElo "2506"]
[BlackElo "2831"]
[WhiteFideId "34184934"]
[BlackFideId "1503014"]
[EventDate "26.12.2024"]

1. d4 Nf6 2. c4 e6 3. Nc3 d5 4. cxd5 exd5 5. Bg5 Be7 6. e3 h6 7. Bh4 Bg4 8. Nge2
Nbd7 9. Qc2 g5 10. Bg3 c6 11. Nc1 Nh5 12. Bd3 Nxg3 13. hxg3 Nf6 14. Bf5 Bxf5 15.
Qxf5 Qd7 16. Qxd7+ Kxd7 17. Nd3 h5 18. Ke2 Bd6 19. Rh3 Rh7 20. Rah1 Rah8 21. f4
g4 22. Rh4 Ke6 23. a3 b6 24. b4 Rc8 25. Rc1 Rhh8 26. Rhh1 Rhe8 27. Ne5 c5 28.
bxc5 bxc5 29. Kd3 c4+ 30. Kc2 Rb8 31. Rb1 a6 32. Nc6 Rxb1 33. Rxb1 Kf5 34. Ne5
Rb8 35. Nxf7 Bc7 36. Rxb8 Bxb8 37. Ng5 Ba7 38. a4 Kg6 39. Ne6 Bb6 40. Nc5 Bxc5
41. dxc5 Kf7 42. a5 Ke7 43. Kb2 Kd7 44. Ka3 Kc6 45. Kb4 Nd7 46. Na4 Nf6 47. Nc3
Nd7 48. e4 d4 49. Ne2 d3 50. Nc3 Nxc5 51. Kxc4 d2 52. e5 Ne4 53. Nd1 Nxg3 54.
Kd3 h4 55. Kxd2 h3 56. gxh3 gxh3 57. Nf2 h2 58. Ke3 Kd5 59. Kf3 Ne4 60. Nh1 Nc5
61. Kg3 Nb3 62. Kxh2 Nxa5 63. Nf2 Nc6 64. Nd1 a5 65. Kg3 Kd4 66. Nb2 Ke4 67. Kg4
Nxe5+ 68. fxe5 Kxe5 69. Nc4+ Ke6 70. Nxa5 1/2-1/2

[Event "Mondiale Semilampo FIDE 2024"]
[Site "New York"]
[Date "26.12.2024"]
[Round "3.2"]
[White "Deac, Bogdan-Daniel"]
[Black "Vachier-Lagrave, Maxime"]
[Result "1/2-1/2"]
[WhiteTitle "GM"]
[BlackTitle "GM"]
[WhiteElo "2696"]
[BlackElo "2731"]
[WhiteFideId "1226380"]
[BlackFideId "623539"]
[EventDate "26.12.2024"]

1. Nf3 d5 2. d4 Nf6 3. c4 c5 4. cxd5 cxd4 5. Nxd4 Nxd5 6. e4 Nf6 7. Bb5+ Bd7 8.
Nc3 e5 9. Bxd7+ Qxd7 10. Nc2 Qxd1+ 11. Kxd1 Nc6 12. Bg5 Nd7 13. Ke2 f6 14. Be3
Bc5 15. Rhd1 Bxe3 16. Nxe3 Nc5 17. Rac1 Rd8 18. f3 Rxd1 1/2-1/2

[Event "Mondiale Semilampo FIDE 2024"]
[Site "New York"]
[Date "26.12.2024"]
[Round "3.3"]
[White "Aronian, Levon"]
[Black "Andriasian, Zaven"]
[Result "1/2-1/2"]
[WhiteTitle "GM"]
[BlackTitle "GM"]
[WhiteElo "2747"]
[BlackElo "2554"]
[WhiteFideId "13300474"]
[BlackFideId "13302000"]
[EventDate "26.12.2024"]

1. e4 c5 2. Nf3 d6 3. Bb5+ Nc6 4. O-O Bd7 5. Re1 Nf6 6. c3 a6 7. Bf1 Bg4 8. h3
Bxf3 9. Qxf3 e6 10. d3 d5 11. exd5 Nxd5 12. Nd2 Be7 13. g3 O-O 14. Bg2 b5 15.
Qe2 Qd7 16. Nf3 h6 17. Bd2 Rab8 18. Rad1 Rfd8 19. h4 Bf6 20. Nh2 b4 21. Ng4 bxc3
22. Nxf6+ Nxf6 23. bxc3 Rb2 24. Qf3 Qxd3 25. Bf4 Qxf3 26. Rxd8+ Nxd8 27. Bxf3 c4
28. g4 Nb7 29. Re5 Nd6 30. Re3 Rb6 31. a4 Nd5 32. Bxd5 exd5 33. f3 Kf8 34. Re5
d4 35. Rd5 dxc3 36. Rxd6 Rb1+ 37. Kf2 c2 38. Rxa6 c1=Q 39. Bxc1 Rxc1 40. Ke3
Rc3+ 41. Ke4 Ra3 42. a5 c3 43. Kd3 g6 44. h5 gxh5 45. gxh5 Kg7 46. Kc2 Kf8 47.
f4 Ke7 48. f5 Kd7 49. f6 Kc7 50. Kd3 Kd7 51. Kc2 Kc7 52. Kd3 Kd7 53. Kc2 1/2-1/2

[Event "Mondiale Semilampo FIDE 2024"]
[Site "New York"]
[Date "26.12.2024"]
[Round "3.4"]
[White "Lenderman, Aleksandr"]
[Black "Abdusattorov, Nodirbek"]
[Result "1-0"]
[WhiteTitle "GM"]
[BlackTitle "GM"]
[WhiteElo "2480"]
[BlackElo "2777"]
[WhiteFideId "2021285"]
[BlackFideId "14204118"]
[EventDate "26.12.2024"]

1. d4 Nf6 2. Nf3 e6 3. c4 b6 4. e3 Bb7 5. Bd3 c5 6. O-O g6 7. Nc3 Bg7 8. e4 cxd4
9. Nxd4 O-O 10. Be3 d6 11. Rc1 a6 12. Bb1 Nbd7 13. b3 Rc8 14. Qd2 Re8 15. Rfd1
Qe7 16. Bg5 Nc5 17. f3 Red8 18. Nde2 Qc7 19. Qf4 Qe7 20. Qh4 e5 21. Nd5 Bxd5 22.
cxd5 b5 23. Kh1 Ncd7 24. Qe1 Qf8 25. Qd2 Nc5 26. Qa5 Ra8 27. Bc2 Rdc8 28. Qd2
Rc7 29. b4 Ncd7 30. Bb3 Rac8 31. Rxc7 Rxc7 32. Rc1 Qc8 33. Rxc7 Qxc7 34. Qc3 Qb8
35. Qc6 Qa7 36. Qxd6 Qf2 37. Ng1 Bf8 38. Qxa6 Bxb4 39. Qc8+ Kg7 40. Qc2 Qa7 41.
Qc1 h5 42. Nh3 Bc5 43. Bh6+ Kg8 44. d6 Bxd6 45. Qg5 Bf8 46. Qxg6+ Kh8 47. Bxf7
Qb6 48. Bb3 Qc6 49. Be3 Qc3 50. Ng5 Bg7 51. Ne6 Bf8 52. Bg1 Qb4 53. Ng5 Bg7 54.
Nf7+ Kg8 55. Nxe5+ Kh8 56. Nxd7 1-0

[Event "Mondiale Semilampo FIDE 2024"]
[Site "New York"]
[Date "26.12.2024"]
[Round "3.5"]
[White "Dominguez Perez, Leinier"]
[Black "Niemann, Hans Moke"]
[Result "1-0"]
[WhiteTitle "GM"]
[BlackTitle "GM"]
[WhiteElo "2741"]
[BlackElo "2734"]
[WhiteFideId "3503240"]
[BlackFideId "2093596"]
[EventDate "26.12.2024"]

1. e4 e5 2. Nf3 Nc6 3. Bb5 a6 4. Ba4 Nf6 5. O-O Be7 6. d3 b5 7. Bb3 d6 8. c3 O-O
9. h3 Bb7 10. Re1 Re8 11. Ng5 Rf8 12. Nf3 Re8 13. Nbd2 Bf8 14. Nf1 h6 15. Ng3
Na5 16. Bc2 c5 17. d4 cxd4 18. cxd4 exd4 19. Nxd4 Rc8 20. b3 d5 21. e5 Ne4 22.
Bf4 Nc6 23. Nxc6 Bxc6 24. Nxe4 dxe4 25. Bxe4 Qxd1 26. Raxd1 Bxe4 27. Rxe4 Rc2
28. Rd2 Rc1+ 29. Kh2 f5 30. Ree2 g5 31. Rd8 Rxd8 32. Bxc1 Rc8 33. Bb2 Kf7 34.
e6+ Ke8 35. g3 Rc6 36. Kg2 b4 37. Bf6 Bd6 38. Kf3 Be7 39. Bxe7 Kxe7 40. Re5 Rc3+
41. Kg2 Rc2 42. Ra5 h5 43. Rxa6 g4 44. h4 Rb2 45. Ra4 Kxe6 46. Rxb4 Rxa2 47. Kf1
Rb2 48. Rb5 Kf6 49. Ke1 Ke6 50. Rb8 Ke5 51. Rb4 Ke6 52. Rb5 Kf6 53. Kf1 Ke6 54.
Rb4 Ke5 55. Rb8 Kd5 56. Kg2 Rb1 57. b4 Ke6 58. Rb6+ Kf7 59. Rb8 Kg7 60. b5 Kh7
61. b6 Kg7 62. b7 Kh7 63. f4 Rb2+ 64. Kf1 Kg7 65. Ke1 Rb6 66. Kd2 Rb3 67. Kc2
Rb6 68. Kc3 Rb1 69. Kc4 Rb6 70. Kc5 Rb1 71. Kc6 Rc1+ 72. Kd6 Rd1+ 73. Ke6 Rb1
74. Kxf5 Rb5+ 75. Ke6 Rb6+ 76. Kd5 Rb1 77. f5 Rd1+ 78. Kc4 Rc1+ 79. Kd3 Rb1 80.
f6+ 1-0

[Event "Mondiale Semilampo FIDE 2024"]
[Site "New York"]
[Date "26.12.2024"]
[Round "3.6"]
[White "Shankland, Sam"]
[Black "Yu, Yangyi"]
[Result "1/2-1/2"]
[WhiteTitle "GM"]
[BlackTitle "GM"]
[WhiteElo "2672"]
[BlackElo "2724"]
[WhiteFideId "2004887"]
[BlackFideId "8603820"]
[EventDate "26.12.2024"]

1. Nf3 d5 2. g3 Nf6 3. Bg2 e6 4. O-O Be7 5. c4 O-O 6. d4 dxc4 7. Qa4 a6 8. Qxc4
b5 9. Qc2 Bb7 10. Bd2 Be4 11. Qc1 Nc6 12. Be3 Rc8 13. Rd1 Nd5 14. Nbd2 Nxe3 15.
fxe3 Bxf3 16. exf3 Nb4 17. a3 Nd5 18. Nb3 c6 19. f4 Qc7 20. Qd2 Rfd8 21. Rac1
Qa7 22. Qf2 g6 23. Rd2 a5 24. Rdc2 a4 25. Nc5 Rc7 26. h4 h5 27. Bf3 Kg7 28. Qe2
Rdc8 29. Kg2 Nb6 30. Qd3 Nc4 31. Qc3 Kg8 32. Be2 Bxc5 33. dxc5 Qxc5 34. Bxc4
bxc4 35. Rd1 Rb7 36. Rd4 Rb3 37. Qxc4 Qb6 38. Qe2 c5 39. Rdc4 Qb7+ 40. Qf3 Qb5
41. Qe2 Rb8 42. Rxc5 Qxe2+ 43. Rxe2 Rxb2 44. Rxb2 Rxb2+ 45. Kf3 Rb3 46. Ra5 Rxa3
47. Ra7 Kg7 48. Ra6 Ra1 49. e4 a3 50. e5 a2 51. Kg2 f5 52. Ra7+ Kf8 53. Ra6 Ke7
54. Ra7+ Kd8 55. Ra6 Kc7 56. Ra7+ Kb6 57. Ra8 Kb5 58. Ra7 Kc4 59. Ra8 Kc3 60.
Rc8+ Kd3 61. Rd8+ Ke3 62. Ra8 Ke4 63. Ra7 Kd3 64. Rd7+ Ke2 65. Ra7 Ke1 66. Ra8
Kd1 67. Rd8+ Kc2 68. Rc8+ Kb3 69. Rb8+ Kc4 70. Ra8 Kd4 71. Rd8+ Ke3 72. Ra8 Ke2
73. Ra7 Ke3 74. Ra8 1/2-1/2

[Event "Mondiale Semilampo FIDE 2024"]
[Site "New York"]
[Date "26.12.2024"]
[Round "3.8"]
[White "Safarli, Eltaj"]
[Black "Praggnanandhaa, R"]
[Result "1-0"]
[WhiteTitle "GM"]
[BlackTitle "GM"]
[WhiteElo "2610"]
[BlackElo "2737"]
[WhiteFideId "13402129"]
[BlackFideId "25059530"]
[EventDate "26.12.2024"]

1. e4 e6 2. d4 d5 3. Nd2 c5 4. Ngf3 cxd4 5. exd5 Qxd5 6. g3 Nc6 7. Bg2 Qb5 8. a4
Qa6 9. Bf1 Qa5 10. Bg2 e5 11. O-O Be6 12. c3 dxc3 13. bxc3 Nf6 14. Rb1 Qc7 15.
Qe2 O-O-O 16. Re1 Bf5 17. Rxb7 Kxb7 18. Nxe5 Nd5 19. Qb5+ Qb6 20. Nxc6 Bc5 21.
Nxd8+ Rxd8 22. Re5 Bxf2+ 23. Kf1 Kc7 24. Bxd5 Bh3+ 25. Bg2 1-0

[Event "Mondiale Semilampo FIDE 2024"]
[Site "New York"]
[Date "26.12.2024"]
[Round "3.9"]
[White "Giri, Anish"]
[Black "Petrosian, Tigran L."]
[Result "1-0"]
[WhiteTitle "GM"]
[BlackTitle "GM"]
[WhiteElo "2733"]
[BlackElo "2551"]
[WhiteFideId "24116068"]
[BlackFideId "13301616"]
[EventDate "26.12.2024"]

1. c4 e5 2. g3 h5 3. h3 Bc5 4. Bg2 d6 5. Nc3 Nc6 6. a3 a6 7. e3 Ba7 8. b4 Be6 9.
d3 Nge7 10. Nd5 Qd7 11. Bb2 Nd8 12. Rc1 f6 13. Nxe7 Qxe7 14. Nf3 g5 15. Nd2 Bd7
16. Bf3 Qf7 17. Ne4 Kf8 18. g4 Ne6 19. Ng3 hxg4 20. Bxb7 Rb8 21. hxg4 Rh4 22.
Bf3 Ng7 23. Kd2 Ke7 24. Bd5 Qg6 25. Be4 Qf7 26. Rxh4 gxh4 27. Nf5+ Nxf5 28. gxf5
Rh8 29. Qg4 h3 30. Rh1 h2 31. Qg2 Qh7 32. Bc3 Be8 33. Kc2 Bf7 34. a4 Qh4 35. Bd2
Rh5 36. Qg3 Bxc4 37. Qxh4 Rxh4 38. dxc4 Rxe4 39. Rxh2 Rxc4+ 40. Kb3 Rg4 41. Rh7+
Kd8 42. Rh8+ Kd7 43. Ra8 Bb6 44. a5 Bxa5 45. bxa5 Kc6 46. Rf8 Rg2 47. Be1 Rg1
48. Bc3 Rf1 49. Rxf6 Kd5 50. f4 exf4 51. exf4 Rxf4 52. Rf7 c5 53. f6 Kc6 54. Ra7
d5 55. Rxa6+ Kd7 56. Be5 Rf3+ 57. Ka4 1-0

[Event "Mondiale Semilampo FIDE 2024"]
[Site "New York"]
[Date "26.12.2024"]
[Round "3.10"]
[White "Martirosyan, Haik M."]
[Black "Dubov, Daniil"]
[Result "1/2-1/2"]
[WhiteTitle "GM"]
[BlackTitle "GM"]
[WhiteElo "2656"]
[BlackElo "2693"]
[WhiteFideId "13306553"]
[BlackFideId "24126055"]
[EventDate "26.12.2024"]

1. d4 Nf6 2. c4 e6 3. Nf3 d5 4. Nc3 Be7 5. Bg5 h6 6. Bxf6 Bxf6 7. e3 O-O 8. Rc1
dxc4 9. Bxc4 Nd7 10. O-O c5 11. Ne4 cxd4 12. Nxf6+ Nxf6 1/2-1/2

[Event "Mondiale Semilampo FIDE 2024"]
[Site "New York"]
[Date "26.12.2024"]
[Round "3.11"]
[White "Sindarov, Javokhir"]
[Black "Bok, Benjamin"]
[Result "1/2-1/2"]
[WhiteTitle "GM"]
[BlackTitle "GM"]
[WhiteElo "2682"]
[BlackElo "2593"]
[WhiteFideId "14205483"]
[BlackFideId "1017063"]
[EventDate "26.12.2024"]

1. e4 e5 2. Nf3 Nc6 3. Bc4 Bc5 4. Nc3 Nf6 5. d3 h6 6. O-O O-O 7. Be3 Bb6 8. h3
d6 9. Bxb6 axb6 10. d4 Re8 11. Re1 Bd7 12. a4 Nh7 13. Re3 Ng5 14. Nxg5 Qxg5 15.
Rf3 Rf8 16. Rg3 Qh4 17. Bb5 f5 18. exf5 Bxf5 19. Bxc6 bxc6 20. dxe5 dxe5 21. Qe2
Qf6 22. Re3 Qg6 23. Rg3 Qf6 24. Re3 Qg6 25. Ne4 Rad8 26. Re1 Rd4 27. b3 Rfd8 28.
c3 Rxe4 29. Rxe4 Bxe4 30. Qxe4 Qxe4 31. Rxe4 Rd1+ 32. Kh2 Rc1 33. Rc4 c5 34. Kg3
Kf7 35. a5 Ra1 36. b4 Ra4 37. h4 bxa5 38. Rxc5 axb4 39. Rxc7+ Kf6 40. Rc6+ Kf7
41. Rc7+ Kf6 42. Rc6+ Kf7 43. Rc7+ 1/2-1/2

[Event "Mondiale Semilampo FIDE 2024"]
[Site "New York"]
[Date "26.12.2024"]
[Round "3.12"]
[White "Sargsyan, Shant"]
[Black "Ivanchuk, Vasyl"]
[Result "1-0"]
[WhiteTitle "GM"]
[BlackTitle "GM"]
[WhiteElo "2646"]
[BlackElo "2630"]
[WhiteFideId "13306766"]
[BlackFideId "14100010"]
[EventDate "26.12.2024"]

1. e4 e5 2. Nf3 Nc6 3. Bb5 a6 4. Ba4 Nf6 5. d3 d6 6. c4 g6 7. Nc3 Bg7 8. O-O O-O
9. h3 Nd7 10. Bg5 f6 11. Be3 f5 12. Bg5 Nf6 13. Bxc6 bxc6 14. d4 exd4 15. Nxd4
c5 16. Nc6 Qe8 17. Nd5 Kh8 18. Nce7 Bb7 19. exf5 Nxd5 20. cxd5 gxf5 21. Re1 Qf7
22. Re6 Rae8 23. Qb3 Ba8 24. Rae1 f4 25. Qf3 Bxb2 26. Bh6 c4 27. Bxf8 Rxf8 28.
Qe4 f3 29. Rh6 fxg2 30. Ng6+ Kg7 31. Nxf8 Kxh6 32. Qh4+ 1-0

[Event "Mondiale Semilampo FIDE 2024"]
[Site "New York"]
[Date "26.12.2024"]
[Round "3.14"]
[White "Sadhwani, Raunak"]
[Black "Lu, Shanglei"]
[Result "1-0"]
[WhiteTitle "GM"]
[BlackTitle "GM"]
[WhiteElo "2673"]
[BlackElo "2609"]
[WhiteFideId "35093487"]
[BlackFideId "8603332"]
[EventDate "26.12.2024"]

1. e4 c5 2. Nf3 e6 3. d4 cxd4 4. Nxd4 Nf6 5. Bd3 Nc6 6. Nxc6 bxc6 7. Bf4 d5 8.
Nd2 Be7 9. O-O O-O 10. e5 Nd7 11. Qh5 g6 12. Qe2 a5 13. Nf3 Nc5 14. Qe3 Nxd3 15.
cxd3 c5 16. Bh6 Re8 17. Qf4 Ra7 18. Bg5 Rb7 19. Bxe7 Qxe7 20. Qd2 a4 21. h4 h5
22. Rac1 Bd7 23. Rc2 Kg7 24. Rfc1 Rb5 25. Ng5 Reb8 26. b3 axb3 27. axb3 R8b7 28.
Qe3 Rc7 29. Qf4 Be8 30. g4 hxg4 31. Qxg4 Rc6 32. h5 Rb4 33. Qg3 f6 34. h6+ Kh8
35. exf6 Qxf6 36. Rxc5 Qf5 37. Rxc6 Rg4 38. Rc8 Rxg3+ 39. fxg3 Qxg5 40. Rxe8+ 1-0

[Event "Mondiale Semilampo FIDE 2024"]
[Site "New York"]
[Date "26.12.2024"]
[Round "3.15"]
[White "Naroditsky, Daniel"]
[Black "Adewumi, Tanitoluwa"]
[Result "1/2-1/2"]
[WhiteTitle "GM"]
[BlackTitle "FM"]
[WhiteElo "2619"]
[BlackElo "2349"]
[WhiteFideId "2026961"]
[BlackFideId "30966396"]
[EventDate "26.12.2024"]

1. Nf3 d5 2. e3 Nf6 3. c4 c6 4. Nc3 g6 5. d4 Bg7 6. Be2 O-O 7. O-O Nbd7 8. b3
Ne4 9. Bb2 Nxc3 10. Bxc3 e6 11. b4 Re8 12. Qc2 a6 13. a4 dxc4 14. Bxc4 Nb6 15.
Bd3 Nd5 16. Bd2 Qd6 17. Rab1 e5 18. Nxe5 Bxe5 19. dxe5 Qxe5 20. f4 Qf6 21. e4
Qd4+ 22. Kh1 Ne3 23. Bxe3 Qxe3 24. f5 gxf5 25. exf5 f6 26. Rbd1 Kh8 27. Bc4 Qe7
28. Qd2 Qg7 29. a5 Qf8 30. Qc3 Re5 31. g4 b5 32. axb6 c5 33. Rfe1 Bb7+ 34. Kg1
cxb4 35. Qd4 Rxe1+ 36. Rxe1 Rd8 37. Qe3 a5 38. g5 Bc6 39. g6 Re8 40. Be6 b3 41.
Qxb3 Qc5+ 42. Qe3 Qb4 43. h3 Kg7 44. Rc1 Qd6 45. Qc3 Rd8 46. Qxc6 Qg3+ 47. Kf1
Qf4+ 48. Kg1 Qg3+ 49. Kf1 Qf4+ 50. Kg1 Qg3+ 1/2-1/2

[Event "Mondiale Semilampo FIDE 2024"]
[Site "New York"]
[Date "26.12.2024"]
[Round "3.19"]
[White "Duda, Jan-Krzysztof"]
[Black "Paravyan, David"]
[Result "1-0"]
[WhiteTitle "GM"]
[BlackTitle "GM"]
[WhiteElo "2740"]
[BlackElo "2620"]
[WhiteFideId "1170546"]
[BlackFideId "4194985"]
[EventDate "26.12.2024"]

1. d4 d5 2. c4 dxc4 3. Nf3 Nf6 4. e3 e6 5. Bxc4 c5 6. O-O cxd4 7. exd4 Be7 8.
Nc3 O-O 9. Qe2 a6 10. a3 b5 11. Ba2 Bb7 12. Rd1 h6 13. h3 b4 14. axb4 Bxb4 15.
Ne5 Nc6 16. Bf4 Ne7 17. Rd3 Bxc3 18. bxc3 Be4 19. Rdd1 Rc8 20. c4 Nf5 21. d5
exd5 22. f3 Nh5 23. Bh2 Qg5 24. Qd2 Ne3 25. h4 Qxh4 26. Qxe3 Bc2 27. Rd4 Qe7 28.
cxd5 1-0